<?xml version="1.0" encoding="UTF-8"?>
<record
    xmlns:xsi="http://www.w3.org/2001/XMLSchema-instance"
    xsi:schemaLocation="http://www.loc.gov/MARC21/slim http://www.loc.gov/standards/marcxml/schema/MARC21slim.xsd"
    xmlns="http://www.loc.gov/MARC21/slim">

  <leader>00615nam a22001697a 4500</leader>
  <controlfield tag="003">BD-DhUL</controlfield>
  <controlfield tag="005">20170403132252.0</controlfield>
  <controlfield tag="008">170403s1353    bg a|||| |||| 000 0 ben d</controlfield>
  <datafield tag="040" ind1=" " ind2=" ">
    <subfield code="a">BD-DhUL</subfield>
    <subfield code="c">BD-DhUL</subfield>
  </datafield>
  <datafield tag="082" ind1=" " ind2=" ">
    <subfield code="a">050</subfield>
    <subfield code="b">MOH</subfield>
  </datafield>
  <datafield tag="245" ind1="0" ind2="0">
    <subfield code="a">&#x9AE;&#x9BE;&#x9B8;&#x9BF;&#x995; &#x9AE;&#x9CB;&#x9B9;&#x9BE;&#x9AE;&#x9CD;&#x9AE;&#x9A6;&#x9C0; : </subfield>
    <subfield code="b">&#x9E7;&#x9EF;&#x9B6; &#x9AC;&#x9B0;&#x9CD;&#x9B7; : &#x9ED;&#x9AE; &#x9B8;&#x982;&#x996;&#x9CD;&#x9AF;&#x9BE;,  &#x9AC;&#x9C8;&#x9B6;&#x9BE;&#x996;- &#x9E7;&#x9E9;&#x9EB;&#x9E9;  /</subfield>
  </datafield>
  <datafield tag="260" ind1=" " ind2=" ">
    <subfield code="a">&#x9A2;&#x9BE;&#x995;&#x9BE; :</subfield>
    <subfield code="b">&#x986;&#x99C;&#x9BE;&#x9A6; &#x985;&#x9AB;&#x9BF;&#x9B8;,</subfield>
    <subfield code="c">&#x9E7;&#x9E9;&#x9EB;&#x9E9;&#x964;</subfield>
  </datafield>
  <datafield tag="300" ind1=" " ind2=" ">
    <subfield code="a"> &#x996;&#x9A3;&#x9CD;&#x9A1; : </subfield>
    <subfield code="b">&#x99A;&#x9BF;&#x9A4;&#x9CD;&#x9B0; ; </subfield>
    <subfield code="c">&#x9E8;&#x9EB; &#x9B8;&#x9C7;&#x9AE;&#x9BF;.&#x964;</subfield>
  </datafield>
  <datafield tag="650" ind1=" " ind2="0">
    <subfield code="a">&#x9B8;&#x9BE;&#x9AE;&#x9AF;&#x9BC;&#x9BF;&#x995;&#x9C0;</subfield>
  </datafield>
  <datafield tag="650" ind1=" " ind2="0">
    <subfield code="a">Periodicals</subfield>
  </datafield>
  <datafield tag="942" ind1=" " ind2=" ">
    <subfield code="2">ddc</subfield>
    <subfield code="c">REF</subfield>
  </datafield>
  <datafield tag="999" ind1=" " ind2=" ">
    <subfield code="c">171311</subfield>
    <subfield code="d">171311</subfield>
  </datafield>
  <datafield tag="952" ind1=" " ind2=" ">
    <subfield code="0">0</subfield>
    <subfield code="1">0</subfield>
    <subfield code="2">ddc</subfield>
    <subfield code="4">0</subfield>
    <subfield code="6">050_000000000000000_MOH</subfield>
    <subfield code="7">1</subfield>
    <subfield code="8">REF</subfield>
    <subfield code="9">307181</subfield>
    <subfield code="a">DUL</subfield>
    <subfield code="b">DUL</subfield>
    <subfield code="c">RC</subfield>
    <subfield code="d">2017-04-03</subfield>
    <subfield code="e">Gift</subfield>
    <subfield code="o">050 MOH</subfield>
    <subfield code="p">74500</subfield>
    <subfield code="r">2017-04-03</subfield>
    <subfield code="t">1</subfield>
    <subfield code="w">2017-04-03</subfield>
    <subfield code="y">REF</subfield>
  </datafield>
</record>
